qu'est ce qui n'est pas dans... - Statistiques

Statistiques générales
  • Ce quiz a été pris 12 fois
    8 depuis la dernière actualisation
  • Le résultat moyen est 4 sur 7
Statistiques - réponses
Question Réponse % Correct
dans fortnite chien
83%
dans brawl star lousage
83%
dans steam candy crush
67%
dans mario double saut
67%
dans minecraft minerais de ruby
67%
dans stumble guys potion
50%
dans roblox pay day
17%
Aucun quiz correspondant
Distribution des résultats
% des personnes avec chaque résultat
Percentile par nombre de réponses
Votre historique - résultats
Vous n’avez pas pris ce quiz depuis la dernière actualisation